000
00302nam a22001337a 4500
008
180921b xxu||||| |||| 00| 0 eng d
020
_a
0638587542
041
_a
eng
080
_2
3 ED
_a
617
100
_a
5
101
_a
KIR
245
_a
Surgical Infectous Diseaase
_c
Howard.R.J
942
_2
udc
_c
BK
999
_c
48190
_d
48190